All NFL Coaches Ever - Statistics

General Stats
  • This quiz has been taken 131 times
  • The average score is 106 of 392
Answer Stats
% Correct
Chiefs 2013-present Andy Reid
85%
Eagles 1999–2012 Andy Reid
85%
Browns 1991-1995 Bill Belichick
83%
Patriots 2000–present Bill Belichick
83%
Jets 1997 Bill Belichick
83%
Jets 2000 Bill Belichick
83%
Bengals 1976-1978 Bill Johnson
81%
Bills 1968 Harvey Johnson
81%
Bills 1971 Harvey Johnson
81%
Cowboys 1989-1993 Jimmy Johnson
81%
Dolphins 1996-1999 Jimmy Johnson
81%
Broncos 1971 Jerry Smith
79%
Bears 2004–2012 Lovie Smith
79%
Buccaneers 2014-2015 Lovie Smith
79%
Falcons 2008-2014 Mike Smith
79%
Steelers 2007–present Mike Tomlin
78%
49ers 2011–2014 Jim Harbaugh
72%
Ravens 2008-present John Harbaugh
72%
Cowboys 2020-present Mike McCarthy
71%
Packers 2006–2018 Mike McCarthy
71%
Saints 2006–present Sean Payton
71%
49ers 2017-present Kyle Shanahan
67%
Broncos 1995-2008 Mike Shanahan
67%
Patriots 1997–1999 Pete Carroll
67%
Jets 1994 Pete Carroll
67%
Seahawks 2010-present Pete Carroll
67%
Eagles 2016–present Doug Pederson
65%
Raiders 2020-present Jon Gruden
65%
Buccaneers 2002-2008 Jon Gruden
65%
Panthers 2011-2019 Ron Rivera
65%
Washington Football Team 2020-present Ron Rivera
65%
Bengals 1992-1996 Dave Shula
64%
Dolphins 1970-1995 Don Shula
64%
Cowboys 2010-2019 Jason Garrett
64%
Giants 1976–1978 John McVay
63%
Steelers 1992–2006 Bill Cowher
61%
Colts 2002–2008 Tony Dungy
61%
Buccaneers 1996-2001 Tony Dungy
61%
Bengals 2003-2018 Marvin Lewis
60%
Rams 2017–present Sean McVay
60%
Bengals 2019-present Zac Taylor
60%
Cardinals 1994-1995 Buddy Ryan
58%
Eagles 1986–1990 Buddy Ryan
58%
Bills 2015–2016 Rex Ryan
58%
Jets 2009–2014 Rex Ryan
58%
Packers 1959–1967 Vince Lombardi
58%
Cowboys 2003-2006 Bill Parcells
57%
Patriots 1993–1996 Bill Parcells
57%
Giants 1983–1990 Bill Parcells
57%
Jets 1997–1999 Bill Parcells
57%
Cardinals 2013–2017 Bruce Arians
57%
Buccaneers 2019-present Bruce Arians
57%
Browns 2016-2018 Hue Jackson
57%
Cardinals 2004–2006 Dennis Green
56%
Vikings 1992-2001 Dennis Green
56%
Packers 2019-present Matt LaFleur
56%
Bears 1982–1992 Mike Ditka
56%
Saints 1997–1999 Mike Ditka
56%
Cowboys 1960-1988 Tom Landry
56%
Jaguars 1995-2002 Tom Coughlin
54%
Giants 2004–2015 Tom Coughlin
54%
Dolphins 2019-present Brian Flores
53%
Giants 2020–present Joe Judge
53%
49ers 1979–1988 Bill Walsh
51%
Steelers 1969–1991 Chuck Noll
51%
Falcons 2015-2020 Dan Quinn
51%
Bengals 1968-1975 Paul Brown
51%
Browns 1946-1962 Paul Brown
51%
Seahawks 1992-1994 Tom Flores
51%
Dolphins 2016-2018 Adam Gase
50%
Jets 2019–present Adam Gase
50%
Texans 2014-2020 Bill O' Brien
50%
Lions 2018–present Matt Patricia
50%
Colts 2018–present Frank Reich
49%
Titans 2018–present Mike Vrabel
49%
Vikings 2014-present Mike Zimmer
49%
Dolphins 2015 Dan Campbell
47%
Bills 2001–2003 Gregg Williams
47%
Browns 2018 Gregg Williams
47%
Rams 2016 Jeff Fisher
47%
Titans 1999–2010 Jeff Fisher
47%
Eagles 1969–1971 Jerry Williams
47%
Browns 2020-present Kevin Stefanski
47%
Falcons 1974-1976 Marion Campbell
47%
Falcons 1987-1989 Marion Campbell
47%
Eagles 1983–1985 Marion Campbell
47%
Bills 2017–present Sean McDermott
47%
Bears 2018–present Matt Nagy
46%
Broncos 2015-2016 Gary Kubiak
44%
Texans 2006-2013 Gary Kubiak
44%
Falcons 1994-1996 June Jones
44%
Packers 1992–1998 Mike Holmgren
44%
Seahawks 1999-2008 Mike Holmgren
44%
Ravens 1999-2007 Brian Billick
43%
Browns 2019 Freddie Kitchens
43%
Lions 2014–2017 Jim Caldwell
43%
Colts 2009–2011 Jim Caldwell
43%
Panthers 2002-2010 John Fox
43%
Bears 2015–2017 John Fox
43%
Broncos 2011-2014 John Fox
43%
Bills 1986–1997 Marv Levy
43%
Chiefs 1978-1982 Marv Levy
43%
Chiefs 2001-2005 Dick Vermeil
42%
Eagles 1976–1982 Dick Vermeil
42%
Cardinals 2019–present Kliff Kingsbury
42%
Browns 1984-1988 Marty Schottenheimer
42%
Chiefs 1989-1998 Marty Schottenheimer
42%
Saints 1981–1985 Bum Phillips
40%
Eagles 2013–2015 Chip Kelly
40%
49ers 2016 Chip Kelly
40%
Bills 2013–2014 Doug Marrone
40%
Jaguars 2016-present Doug Marrone
40%
49ers 1989–1996 George Seifert
40%
Colts 1998–2001 Jim E. Mora
40%
Saints 1986–1996 Jim E. Mora
40%
Falcons 2004-2005 Jim L. Mora
40%
Seahawks 2009 Jim L. Mora
40%
Falcons 2020-present Raheem Morris
40%
Buccaneers 2009-2011 Raheem Morris
40%
Falcons 2003 Wade Phillips
40%
Bills 1998–2000 Wade Phillips
40%
Cowboys 2007-2010 Wade Phillips
40%
Broncos 1993-1994 Wade Phillips
40%
Texans 2013 Wade Phillips
40%
Saints 1985 Wade Phillips
40%
Packers 1921–1949 Curly Lambeau
39%
Browns 2005-2008 Romeo Crennel
39%
Texans 2020-present Romeo Crennel
39%
Chiefs 2011-2012 Romeo Crennel
39%
Colts 2012–2017 Chuck Pagano
38%
Bears 1933–1942 George Halas
38%
Bears 1946–1955 George Halas
38%
Bears 1958–1967 George Halas
38%
Broncos 2019-present Vic Fangio
38%
Broncos 2009-2010 Josh McDaniels
36%
Dolphins 2005-2006 Nick Saban
36%
Cowboys 1994-1997 Barry Switzer
35%
Dolphins 2011 Todd Bowles
35%
Jets 2015–2018 Todd Bowles
35%
Bills 2016 Anthony Lynn
33%
Chargers 2017-present Anthony Lynn
33%
Lions 2009–2013 Jim Schwartz
33%
Bills 1962–1965 Lou Saban
33%
Bills 1972–1976 Lou Saban
33%
Broncos 1967-1971 Lou Saban
33%
Panthers 2020-present Matt Rhule
33%
Vikings 1967-1983 Bud Grant
32%
Vikings 1985 Bud Grant
32%
Browns 2001-2004 Butch Davis
32%
Bears 1993–1998 Dave Wannstedt
32%
Dolphins 2000-2004 Dave Wannstedt
32%
49ers 2008–2010 Mike Singletary
32%
Lions 1988–1996 Wayne Fontes
32%
Giants 2016–2017 Ben McAdoo
31%
Lions 1941–1942 Bill Edwards
31%
Falcons 1997-2003 Dan Reeves
31%
Broncos 1981-1992 Dan Reeves
31%
Giants 1993–1996 Dan Reeves
31%
Chiefs 1963-1974 Hank Stram
31%
Saints 1976–1977 Hank Stram
31%
Jets 2001–2005 Herman Edwards
31%
Chiefs 2006-2008 Herm Edwards
31%
Bengals 1984-1991 Sam Wyche
31%
Buccaneers 1992-1995 Sam Wyche
31%
Panthers 1995-1998 Dom Capers
29%
Texans 2002-2005 Dom Capers
29%
Jaguars 2003-2011 Jack Del Rio
29%
49ers 2010 Jim Tomsula
29%
49ers 2015 Jim Tomsula
29%
Jets 1995–1996 Rich Kotite
29%
Eagles 1991–1994 Rich Kotite
29%
Lions 2003–2005 Steve Mariucci
29%
49ers 1997–2002 Steve Mariucci
29%
Ravens 1996-1998 Ted Marchibroda
29%
Colts 1992–1995 Ted Marchibroda
29%
Buccaneers 2016-2018 Dirk Koetter
28%
Giants 1997–2003 Jim Fassel
28%
Rams 2016 John Fassel
28%
Cardinals 2007–2012 Ken Whisenhunt
28%
Titans 2014–2015 Ken Whisenhunt
28%
Browns 2011-2012 Pat Shurmur
28%
Giants 2018–2019 Pat Shurmur
28%
Eagles 2015 Pat Shurmur
28%
Packers 1999 Ray Rhodes
28%
Eagles 1995–1998 Ray Rhodes
28%
Cardinals 2018 Steve Wilks
28%
Jets 1963–1973 Weeb Ewbank
28%
Giants 1961–1968 Allie Sherman
26%
Eagles 1936–1940 Bert Bell
26%
Steelers 1941 Bert Bell
26%
Packers 2000–2005 Mike Sherman
26%
Packers 1975–1983 Bart Starr
25%
Bills 2010–2012 Chan Gailey
25%
Cowboys 1998-1999 Chan Gailey
25%
Bills 1978–1982 Chuck Knox
25%
Seahawks 1983-1991 Chuck Knox
25%
Bills 2006–2009 Dick Jauron
25%
Bears 1999–2003 Dick Jauron
25%
Lions 2005 Dick Jauron
25%
Bears 2013–2014 Marc Trestman
25%
Browns 2014-2015 Mike Pettine
24%
Broncos 2017-2018 Vance Joseph
24%
Jets 2000 Al Groh
22%
Falcons 2007 Bobby Petrino
22%
Vikings 2006-2010 Brad Childress
22%
Browns 2009-2010 Eric Mangini
22%
Jets 2006–2008 Eric Mangini
22%
Lions 2006–2008 Rod Marinelli
22%
Chiefs 2009-2011 Todd Haley
22%
Bengals 1996-2000 Bruce Coslet
21%
Jets 1990–1993 Bruce Coslet
21%
Browns 1999-2000 Chris Palmer
21%
Saints 1978–1980 Dick Nolan
21%
49ers 1968–1975 Dick Nolan
21%
Falcons 1990-1993 Jerry Glanville
21%
Vikings 2010-2013 Leslie Frazier
21%
Packers 1988–1991 Lindy Infante
21%
Colts 1996–1997 Lindy Infante
21%
Bills 2004–2005 Mike Mularkey
21%
Jaguars 2012 Mike Mularkey
21%
Titans 2015–2017 Mike Mularkey
21%
49ers 2005–2008 Mike Nolan
21%
Vikings 2001-2005 Mike Tice
21%
Browns 1989-1990 Bud Carson
19%
Falcons 2007 Emmitt Thomas
19%
Jaguars 2013-2016 Gus Bradley
19%
Bears 1942–1945 Hunk Anderson
19%
Buccaneers 1976-1984 John McKay
19%
Titans 2011–2013 Mike Munchak
19%
Browns 2013 Rob Chudzinski
19%
Dolphins 2007 Cam Cameron
18%
Cowboys 2000-2002 Dave Campo
18%
49ers 2003–2004 Dennis Erickson
18%
Seahawks 1995-1998 Dennis Erickson
18%
Lions 1957–1964 George Wilson
18%
Dolphins 1966-1969 George Wilson
18%
Broncos 1977-80 Red Miller
18%
Packers 2018 Joe Philbin
17%
Dolphins 2012-2015 Joe Philbin
17%
Dolphins 2008-2011 Tony Sparano
17%
Browns 1975-1977 Forrest Gregg
15%
Packers 1984–1987 Forrest Gregg
15%
49ers 1977 Ken Meyer
15%
Patriots 1990 Rod Rust
15%
Colts 1986–1991 Ron Meyer
15%
Patriots 1982–1984 Ron Meyer
15%
Saints 2000–2005 Jim Haslett
14%
Patriots 1984–1989 Raymond Berry
14%
Lions 1997–2000 Bobby Ross
13%
Cardinals 2000–2003 Dave McGinnis
13%
Chiefs 1999-2000 Gunther Cunningham
13%
Saints 2012 Joe Vitt
13%
Giants 1991–1992 Ray Handley
13%
Bengals 2000-2002 Dick LeBeau
11%
Buccaneers 2012-2013 Greg Schiano
11%
Giants 1979–1982 Ray Perkins
11%
Buccaneers 1987-1990 Ray Perkins
11%
Browns 2004 Terry Robiskie
11%
Patriots 1991–1992 Dick MacPherson
10%
Lions 1973 Don McCafferty
10%
Saints 1970–1972 J. D. Roberts
10%
Vikings 1986-1991 Jerry Burns
10%
Jets 1983–1989 Joe Walton
10%
Cardinals 1996–2000 Vince Tobin
10%
Lions 1937–1938 Earl Clark
8%
Lions 1931–1936 George Clark
8%
Lions 1940 George Clark
8%
Bengals 1978-1979 Homer Rice
8%
Lions 1978–1984 Monte Clark
8%
49ers 1976 Monte Clark
8%
Bears 1978–1981 Neill Armstrong
8%
Falcons 1968-1974 Norm Van Brocklin
8%
Vikings 1961-1966 Norm Van Brocklin
8%
Buccaneers 1990-1991 Richard Williamson
8%
Giants 2017 Steve Spagnuolo
8%
Vikings 1984 Les Steckel
7%
Jets 1976 Lou Holtz
7%
Colts 1991 Rick Venturi
7%
Saints 1996 Rick Venturi
7%
Lions 1951–1956 Buddy Parker
6%
Steelers 1957–1964 Buddy Parker
6%
Lions 1985–1988 Darryl Rogers
6%
Broncos 2010 Eric Studesville
6%
Bears 1975–1977 Jack Pardee
6%
Giants 1929–1930 LeRoy Andrews
6%
Eagles 1958–1960 Buck Shaw
4%
49ers 1946–1954 Buck Shaw
4%
Packers 1971–1974 Dan Devine
4%
Bengals 1980-1983 Forest Gregg
4%
Colts 1984 Frank Kush
4%
Panthers 1999-2001 George Siefert
4%
Dolphins 2004 Jim Bates
4%
Eagles 1973–1975 Mike McCormack
4%
Seahawks 1982 Mike McCormack
4%
Giants 1931–1953 Steve Owen
4%
Saints 2012 Aaron Kromer
3%
Bears 1972–1974 Abe Gibron
3%
Giants 1974–1976 Bill Arnsparger
3%
Steelers 1966–1968 Bill Austin
3%
Patriots 1973–1978 Chuck Fairbanks
3%
Falcons 1983-1986 Dan Henning
3%
Eagles 1941–1950 Greasy Neale
3%
Colts 1984 Hal Hunter
3%
Browns 1990 Jim Shofner
3%
Lions 1967–1972 Joe Schmidt
3%
Jaguars 2011 Mel Tucker
3%
Jets 1976 Mike Holovak
3%
Steelers 1965 Mike Nixon
3%
Jets 1977–1982 Walt Michaels
3%
Giants 1969–1973 Alex Webster
1%
Lions 1948–1950 Bo McMillin
1%
Eagles 1951 Bo McMillin
1%
Jets 1974–1975 Charley Winner
1%
Eagles 1971–1972 Ed Khayat
1%
Eagles 1985 Fred Bruney
1%
Lions 2000 Gary Moeller
1%
Lions 1939 Gus Henderson
1%
Lions 1965–1966 Harry Gilmer
1%
Packers 1953 Hugh Devore
1%
Eagles 1956–1957 Hugh Devore
1%
Seahawks 1976-1982 Jack Patera
1%
Bears 1968–1971 Jim Dooley
1%
Giants 1954–1960 Jim Lee Howell
1%
Eagles 1952–1955 Jim Trimble
1%
Eagles 1964–1968 Joe Kuharich
1%
Chiefs 1983-1986 John Mackovic
1%
Broncos 1972-176 John Ralston
1%
Bills 1969–1970 John Rauch
1%
Jets 1975 Ken Shipp
1%
Falcons 1977-1982 Leeman Bennett
1%
Buccaneers 1985-1986 Leeman Bennett
1%
Eagles 1933–1935 Lud Wray
1%
Browns 1971-1974 Nick Skorich
1%
Eagles 1961–1963 Nick Skorich
1%
Falcons 1966-1968 Norb Hecker
1%
Bears 1956–1957 Paddy Driscoll
1%
Chiefs 1975-1977 Paul Wiggin
1%
Bills 2009 Perry Fewell
1%
Panthers 2019 Perry Fewell
1%
Packers 1968–1970 Phil Bengtson
1%
Patriots 1972 Phil Bengtson
1%
Broncos 1966 Ray Malavasi
1%
Packers 1953 Ray McLean
1%
Packers 1958 Ray McLean
1%
49ers 1959–1963 Red Hickey
1%
49ers 1955 Red Strader
1%
Lions 1974–1976 Rick Forzano
1%
Colts 1985–1986 Rod Dowhower
1%
Browns 1978-1984 Sam Rutigliano
1%
Lions 1976–1977 Tommy Hudspeth
1%
Steelers 1941–1944 Walt Kiesling
1%
Steelers 1954–1956 Walt Kiesling
1%
Eagles 1951 Wayne Millner
1%
Steelers 1941 Aldo Donelli
0%
Giants 1930 Benny Friedman
0%
Browns 1963-1970 Blanton Collier
0%
Giants 1925 Bob Folwell
0%
Bills 1960-1961 Buster Ramsey
0%
Browns 1977 Dick Modzelewski
0%
Saints 1980 Dick Stanfel
0%
Giants 1926 Doc Alexander
0%
Giants 1927–1928 Earl Potteiger
0%
Saints 1975 Ernie Hefferle
0%
Broncos 1960-1961 Frank Filchock
0%
Chiefs 1987-1988 Frank Gansz
0%
49ers 1956–1958 Frankie Albert
0%
49ers 1978 Fred O'Connor
0%
Packers 1950–1953 Gene Ronzani
0%
Lions 1943–1947 Gus Dorais
0%
Bills 1985–1986 Hank Bullough
0%
49ers 1963–1967 Jack Christiansen
0%
Broncos 1962-1964 Jack Faulkner
0%
Falcons 1989 Jim Hanifan
0%
Steelers 1945 Jim Leonard
0%
Bills 1976–1977 Jim Ringo
0%
Steelers 1946–1947 Jock Sutherland
0%
Steelers 1952–1953 Joe Bach
0%
Bills 1966–1968 Joe Collier
0%
Lions 1942 John Karcis
0%
Patriots 1971–1972 John Mazur
0%
Steelers 1948–1951 John Michelosen
0%
Saints 1973–1975 John North
0%
Bills 1983–1985 Kay Stephenson
0%
Packers 1954–1957 Lisle Blackbourn
0%
Bears 1942–1945 Luke Johnsos
0%
Broncos 1964-1966 Mac Speedie
0%
Lions 2001–2002 Marty Mornhinweg
0%
Falcons 1976 Pat Peppler
0%
49ers 1978 Pete McCulley
0%
Patriots 1979–1981 Ron Erhardt
0%
Chiefs 1977 Tom Bettis
0%
Saints 1967–1970 Tom Fears
0%
No matching quizzes found
Score Distribution
Percent of People with Each Score
Percentile by Number Answered
Your Score History
You have not taken this quiz